|
|
|
|
| LEADER |
01658nam a22004332i 4500 |
| 001 |
001540978 |
| 003 |
CZ BrMZK |
| 005 |
20170324150315.0 |
| 007 |
ta |
| 008 |
160831s1984 xr erc||||||||||cze d |
| 040 |
|
|
|a BOA001
|b cze
|e rda
|
| 043 |
|
|
|a e-xr---
|
| 045 |
|
|
|a x-x-
|
| 072 |
|
7 |
|a 74
|x Kresba. Umělecká řemesla
|2 Konspekt
|9 21
|
| 080 |
|
|
|a 741/744(437.3)
|2 MRF
|
| 080 |
|
|
|a 739.1/.2
|2 MRF
|
| 080 |
|
|
|a 736.2
|2 MRF
|
| 080 |
|
|
|a 7.036/.038
|2 MRF
|
| 080 |
|
|
|a (437.3)
|2 MRF
|
| 080 |
|
|
|a (083.824)
|2 MRF
|
| 100 |
1 |
|
|a Plátek, Václav,
|d 1917-1994
|7 jk01093373
|4 art
|
| 245 |
1 |
0 |
|a Václav Plátek :
|b kresby, ilustrace, šperky, intaglie : Galerie výtvarného umění v Olomouci, září - říjen 1984 /
|c úvodní text J. Lakosil
|
| 264 |
|
1 |
|a Olomouc :
|b Oblastní galerie výtvarného umění,
|c 1984
|
| 300 |
|
|
|a 1 složený list
|
| 336 |
|
|
|a text
|b txt
|2 rdacontent
|
| 337 |
|
|
|a bez média
|b n
|2 rdamedia
|
| 338 |
|
|
|a svazek
|b nc
|2 rdacarrier
|
| 600 |
1 |
4 |
|a Plátek, Václav,
|d 1917-1994
|7 jk01093373
|
| 648 |
|
7 |
|a 20. století
|7 ch460558
|
| 650 |
0 |
7 |
|a česká kresba
|7 ph116857
|y 20. století
|2 czenas
|
| 650 |
0 |
7 |
|a šperky
|7 ph127871
|z Česko
|y 20. století
|2 czenas
|
| 650 |
0 |
7 |
|a gemy
|7 ph158318
|z Česko
|y 20. století
|2 czenas
|
| 650 |
0 |
7 |
|a moderní umění
|7 ph115340
|z Česko
|2 czenas
|
| 655 |
|
7 |
|a katalogy výstav
|7 fd132536
|2 czenas
|
| 700 |
1 |
|
|a Lakosil, Jaromír,
|d 1923-1989
|7 jz8600560
|4 wfw
|
| 710 |
2 |
|
|a Oblastní galerie výtvarného umění (Olomouc, Česko)
|7 kn20010709313
|4 orm
|4 isb
|
| 910 |
|
|
|a BOA001
|b X-0880.908
|
| 990 |
|
|
|a BK
|
| 996 |
6 |
|
|b 2619171952
|c X-0880.908
|l MZK
|r Sklad / do 24 hodin
|n 0
|w 001576128
|u 000010
|a 1
|e BOA001
|j MZK50
|s P
|